Test flagi "stolice" #02 (Dla Kolegi Ignacego) - Statystyki

Ogólne statystyki
  • Ten quiz został rozwiązany 236 razy
  • Średni wynik to 8 z 15
Statystyki odpowiedzi
Obrazkowy Odpowiedź % Poprawnych
Amsterdam
97%
Tokio
94%
Ottawa
91%
Sofia
79%
Prisztina
69%
Canberra
63%
Tunis
61%
Tbilisi
50%
Dakar
47%
Kinszasa
26%
Luanda
25%
Paramaribo (Parbo)
20%
Jamusukro
18%
Muskat
17%
Majuro
14%
Nie znaleziono quizów pasujących do podanych kryteriów
Rozkład punktacji
Procent ludzi z każdym wynikiem
Percentyl według liczby udzielonych odpowiedzi
Twoja historia wyników
Nie rozwiązałeś tego quizu